000 00355 a2200145 4500
999 _c12100
_d12100
003 OSt
005 20240117163135.0
008 240117b ||||| |||| 00| 0 eng d
020 _a9789810731410
082 _a725.51
100 _aMeuser
245 _aHospitals and health centres : construction and design manual Vol.02
260 _bRHED
942 _2ddc